| 000 | 01454cam a2200409 a 4500 | ||
|---|---|---|---|
| 999 |
_c182 _d182 |
||
| 001 | .b18604882 | ||
| 003 | OCoLC | ||
| 005 | 20190731090824.0 | ||
| 008 | 080325t20082006flu c 000 f eng d | ||
| 010 | _a2005036321 | ||
| 020 | _a9780152061548 : | ||
| 020 | _a0152061541 : | ||
| 035 |
_a(OCoLC)213875378 _z(OCoLC)181600531 _z(OCoLC)271817511 |
||
| 040 |
_aWRS _cWRS _dBAKER _dJAO _dUPZ _dBTCTA _dOCLCA _dAU@ _dBDX |
||
| 042 | _anbic | ||
| 082 | 0 | 4 |
_aFIC PFE _222 |
| 100 | 1 |
_aPfeffer, Susan Beth, _d1948- _eauthor |
|
| 245 | 1 | 0 |
_aLife as we knew it / _cSusan Beth Pfeffer. |
| 250 | _a1st Harcourt pbk. ed. | ||
| 260 |
_aOrlando : _bHarcourt, _c2008, c2006. |
||
| 300 |
_a337 p. ; _c18 cm. |
||
| 490 |
_aLife as we knew it ; _vbook 1 |
||
| 520 | _aThrough journal entries sixteen-year-old Miranda describes her family's struggle to survive after a meteor hits the moon, causing worldwide tsunamis, earthquakes, and volcanic eruptions. | ||
| 650 | 1 |
_aNatural disasters _vFiction. |
|
| 650 | 1 |
_aFamily life _vFiction. |
|
| 650 | 1 |
_aDiaries _vFiction. |
|
| 650 | 1 | _aScience fiction. | |
| 650 | 0 |
_aNatural disasters _vJuvenile fiction. |
|
| 650 | 0 |
_aFamilies _vJuvenile fiction. |
|
| 650 | 0 |
_aDiaries _vJuvenile fiction. |
|
| 650 | 0 | _aScience fiction. | |
| 650 | 7 |
_aNatural disasters _vFiction. _2sears. |
|
| 650 | 7 |
_aFamily life _vFiction. _2sears. |
|
| 650 | 7 |
_aDiaries _vFiction. _2sears. |
|
| 650 | 7 |
_aScience fiction. _2sears. |
|
| 942 |
_2ddc _cFIC |
||